User story mapping : discover the whole story, build the right product
Tallennettuna:
| Päätekijä: | |
|---|---|
| Aineistotyyppi: | Kirja |
| Julkaistu: |
Shroff
|
| Tagit: |
Ei tageja, Lisää ensimmäinen tagi!
|
MARC
| LEADER | 00000nam a2200000Ia 4500 | ||
|---|---|---|---|
| 005 | 20260515061615.0 | ||
| 100 | |a Patton, Jeff, | ||
| 020 | |a 9789351108979 | ||
| 942 | |c BK | ||
| 245 | |a User story mapping : discover the whole story, build the right product | ||
| 260 | |b Shroff | ||
| 999 | |c 19 |d 19 | ||
| 952 | |0 0 |1 0 |4 0 |7 0 |a ABDN |b ABDN |d 2026-05-15 |l 0 |p 000024 |r 2026-05-15 06:16:15 |w 2026-05-15 |y BK | ||